000 01846cam a22003258a 4500
001 12985853
005 20070105151117.0
008 021030s20062010nyu |rb 001 0 eng u
020 _a0136094236
020 _a9780136094236
040 _aDLC
_cDLC
042 _apcc
082 0 0 _222
_a658.83
_bMAL
100 1 _aMalhotra, Naresh K.
_920889
245 1 0 _aMarketing Research :
_bAn Applied Approach /
_cNaresh K. Malhotra.
250 _a6th ed.
_bGlobal Edition
260 _aBoston :
_bPrentice Hall,
_cc2010.
300 _a929 p. :
_bill. ;
_c25 cm.
504 _aIncludes bibliographical references and indexes.
650 0 _aMarketing research.
_920890
650 0 _aMarketing research
_xMethodology.
_920891
653 _bBus
_cOctober2011
942 _2ddc
_cBB
999 _c16145
_d16145